Discographie de Stupeflip - Statistiques

Statistiques générales
  • Ce quiz a été pris 11 fois
  • Le résultat moyen est 41 sur 136
Statistiques - réponses
Réponse Date de sortie % Correct
Stupeflip 2003
90%
Stupeflip - Home version
90%
Gaëlle
80%
Stupeflip vite !!! feat. Cadillac
80%
Intro
70%
Stup Virus 2017
70%
Stup Virus (Toxic)
70%
The Antidote
70%
Gem lé moch'
60%
Invasion
60%
La menuiserie feat. Cocolino
60%
Le cartable (feat. Helene) feat. Hélène
60%
Région est
60%
Sinode pibouin
60%
Sinode Pibouin (Insurrection-Non-Violente)
60%
Dans ton baladeur (DTB)
50%
Je fume pu d'shit feat. Jacno
50%
L.E.C.R.O.U feat. Mangu
50%
Les gens qui s'énervent
50%
Lettre à Mylène
50%
Stup danse feat. Hélène
50%
Stup Forever 2022
50%
Stup Religion 2005
50%
The Hypnoflip Invasion 2011
50%
Understup
50%
Ce petit blouson en daim
40%
Check da Crou feat. Salo'
40%
Crou Anthem
40%
Crou Anthem (Version Grand JD)
40%
Hater's Killah
40%
Je refume du shit
40%
La mort à Pop Hip - Interlude 6 feat. Reverb Man
40%
La religion du stup feat. Hélène & Louise
40%
Le cœur qui cogne feat. Loulou
40%
Les cages en métal
40%
Les monstres feat. Tanguy P
40%
Le spleen des petits
40%
Le spleen des petits (Faubourg souffrant)
40%
Région Nord (Soulèvement de la)
40%
Sharkattack
40%
Tellement bon
40%
35 animaux morts
30%
A bas la hierarchie
30%
Apocalypse 894
30%
Argent
30%
Bordel (2004 c.t.)
30%
Cosmos 1999
30%
Etranges phénomènes
30%
Étranges phénomènes (The chase)
30%
Gluô
30%
Krou Kontre attakk feat. Cadillac
30%
L.A.R.
30%
L'enfant fou
30%
Les voûtes
30%
L'truc xplosiff
30%
L'truc xplosiff (HRK)
30%
L'truc xplosiff (Version Grand JD)
30%
Mon style en Crrr
30%
Pleure pas Stupeflip
30%
Pop Hip's Revenge
30%
Raggalloween (La chanson pour Halloween)
30%
Salo therapy feat. Salo'
30%
Sauvé par l'arpegiator (SPA)
30%
Stalactites
30%
Stup monastère
30%
The Solution
30%
1993
20%
4577 Tribute (13ème Section)
20%
72.8 mhz - Interlude 3
20%
Annexion de la région Sud feat. Mangu
20%
Creepy Slugs
20%
Des nouvelles de Pop Hip
20%
Esprits frappeurs (2018 c.t.)
20%
Forcefield feat. Sandrine Cacheton
20%
Fou-Fou feat. Colette
20%
Jamais
20%
Keep the Faith - Interlude 7
20%
Knights of Chaos
20%
La menuiserie 2031
20%
La seule alternative
20%
Le crou ne mourra jamais - Intro
20%
Le miracle
20%
L'épouvantable épouvantail
20%
Le trou noir feat MC Salo
20%
Lonely Loverz
20%
Media terror - Interlude feat. Mélanie Bauer
20%
Ouest region's inquisitors feat. Cadillac & Salo'
20%
Passe mon truc
20%
Pop-Hip le mort-vivant
20%
Psycho Girl (FR)
20%
(((Stup Lore))) (Antidote Remix)
20%
The platform (feat. Cadillac & MC Salo) feat. Cadillac & MC Salo
20%
Tiger crane
20%
Vengeance!!!
20%
Ancienne prophétie - Interlude 5
10%
Avertissement - Interlude
10%
Carry On
10%
Ce que tu dois savoir - Interlude
10%
Comme les zot
10%
Cosmocrou
10%
Création de la 2ème ère du stup - Interlude
10%
Croucrou Terror (Poltergeist)
10%
Crou nostalgie - Interlude
10%
Dangereux !! - Interlude 1
10%
Dark Warriors - Interlude 4
10%
Déjà tout petit (1995 c.t.)
10%
Empire of the Sun
10%
Explication No.1 - Interlude
10%
Grosse tête
10%
Haterz Killah 2024
10%
La bavure de Pop Hip
10%
La formule magique (Version bombecs)
10%
Laudela (1994 c.t.)
10%
Les clés du mystère au chocolat - Interlude
10%
Mystérieuse Formation (Demter 1970)
10%
Naissance de la région Sud - Interlude
10%
Presentation du crou - Interlude
10%
Régions fédérées (feat. MC Salo) feat. MC Salo
10%
Sons2Ouf!! (Inédits et remixs 94-2024) 2024
10%
Stay positiv'
10%
Strange Pain - Interlude 2
10%
Tensions
10%
The Cadillac Theory
10%
Une bonne correction - Interlude
10%
Une victoire bien méritée - Interlude feat. Salo'
10%
7ème Sinode
0%
Boosters
0%
Chèvrefeuille (2016 c.t.)
0%
Fan 2 Stup
0%
Flip Klub
0%
Joël's Addiction
0%
Tales from the Crou feat. Cadillac
0%
Aucun quiz correspondant
Distribution des résultats
% des personnes avec chaque résultat
Percentile par nombre de réponses
Votre historique - résultats
Vous n’avez pas pris ce quiz